| 000 | 00354nam a2200145Ia 4500 | ||
|---|---|---|---|
| 008 | 230917s9999||||xx |||||||||||||| ||und|| | ||
| 040 |
_e85187 _aMAIN |
||
| 041 | _aEnglish | ||
| 082 | _a340.115 S64R | ||
| 100 | _aSingh, S N | ||
| 245 | 0 | _aReservation policy for backward classes | |
| 260 |
_aJaipur _bRawat _c1996 |
||
| 300 | _avi, 320 p. | ||
| 942 | _cBK | ||
| 999 |
_c94331 _d94331 |
||